A könyvvizsgálat tesztelési folyamata

Bibliográfiai részletek
Szerző: Ruttkay Balázs
További közreműködők: Miklósyné Ács Klára
Dokumentumtípus: Diplomadolgozat
Kulcsszavak:Könyvvizsgálat
Tesztelés
Audit
Online Access:http://dolgozattar.uni-bge.hu/11639

MARC

LEADER 00000nta a2200000 i 4500
001 dolg11639
005 20170517085935.0
008 170517suuuu hu om 000 hun d
040 |a BGE Dolgozattár Repozitórium  |b hun 
041 |a hu 
100 1 |a Ruttkay Balázs 
245 1 2 |a A könyvvizsgálat tesztelési folyamata  |c Ruttkay Balázs  |h [elektronikus dokumentum] 
695 |a Könyvvizsgálat 
695 |a Tesztelés 
695 |a Audit 
700 1 |a Miklósyné Ács Klára  |e ths 
856 4 0 |u http://dolgozattar.uni-bge.hu/11639/1/Ruttkay%20Bal%C3%A1zs%20-%20QQZOEF%20-%20T%C3%A1voktat%C3%A1s%20.pdf  |z Dokumentum-elérés 
856 4 0 |u http://dolgozattar.uni-bge.hu/11639/2/Ruttkay%20Bal%C3%A1zs%20-%20QQZOEF%20-%20Titkos%C3%ADt%C3%A1si%20k%C3%A9relem.pdf  |z Dokumentum-elérés